| 000 | 00475nam a2200181Ia 4500 | ||
|---|---|---|---|
| 999 |
_c7149 _d7149 |
||
| 003 | OSt | ||
| 005 | 20210303112856.0 | ||
| 008 | 151021s9999 xx 000 0 und d | ||
| 040 |
_aMMU _beng _cMMU _dMMU |
||
| 050 | _aREF BL 1138.66 .B53 1972 | ||
| 245 | _aBhagavad -Gita as it is | ||
| 250 | _a2nd ed, | ||
| 260 |
_aMumbai : _bBhima Dasa, _c1972. |
||
| 300 | _axx, 920 p. : | ||
| 500 | _aIncludes index | ||
| 942 |
_2lcc _cREFERENCE |
||
| 980 | _a^d20110503 05:17:56^okilerai | ||